Statistics for Girl meets world theme song lyrics

Click here to take the quiz!

General Stats

  • This quiz has been taken 3 times
  • The average score is 221 of 242

Answer Stats

Answer% Correct
I've
100%
take
100%
but
100%
I
100%
know
100%
can
100%
Take
100%
got
100%
you
100%
live
100%
me
100%
been
100%
I'm
100%
gonna
100%
on
100%
i'm
100%
world
100%
light
100%
up
100%
stars
100%
i've
100%
some
100%
pages
100%
turn
100%
singing
100%
oh
100%
oh,
100%
ticket
100%
crazy
100%
is
100%
life
100%
On
100%
waiting,
100%
for
100%
a
100%
day
100%
like
100%
this
100%
to
100%
come.
100%
Struck
100%
lightning,
100%
my
100%
heart's
100%
beating
100%
drum.
100%
the
100%
about
100%
edge
100%
of
100%
something
100%
wonderful.
100%
Face
100%
face
100%
with
100%
changes
100%
what's
100%
it
100%
all
100%
top
100%
coming
67%
ride
67%
into
67%
right
67%
sky
67%
Cause'
67%
out.
67%
work
67%
feel
67%
flying
33%
ground
33%
fall
33%
feers
33%
let
33%
down
33%
look
33%
won't
33%
high
33%
moments
33%
everywhere
33%
happen
33%
chances
33%
taking
33%
air
33%
them
33%
throw
33%
pieces
33%
puzzle
33%
world x5
0%
world x6
0%
world x12
0%

Score Distribution

Percentile by Number Answered

Percent of People with Each Score

Your Score History

You have not taken this quiz